Statistics for Top 50 Best-Selling Video Games of All Time

Click here to take the quiz!

General Stats

  • This quiz has been taken 121 times
  • The average score is 8 of 50

Answer Stats

HintAnswer% Correct
1Minecraft
82%
6Super Mario Bros
72%
2Grand Theft Auto V
39%
20Call of Duty Modern Warfare
34%
30Call of Duty Black Ops
30%
4Wii Sports
29%
32Grand Theft Auto IV
26%
11Pac-Man
26%
37Call of Duty Black Ops 2
25%
44Call of Duty Modern Warfare 2
25%
12Red Dead Redemption 2
24%
27Grand Theft Auto: San Andreas
23%
29Call of Duty Modern Warfare 3
22%
49Grand Theft Auto: Vice City
22%
7Pokemon Red/Green/Blue/Yellow
19%
43Super Mario 64
18%
24Pokemon Gold/Silver/Crystal
17%
40Sonic the Hedgehog
17%
13Mario Kart Wii
15%
5PubG
15%
36Super Mario Bros 3
15%
39Fifa 18
14%
28Super Mario World
14%
8Mario Kart 8 Deluxe
13%
17New Super Mario Bros
13%
42Mario Kart DS
12%
35Pokemon Diamond/Pearl/Platinum
12%
45Pokemon Ruby/Sapphire/Emerald
12%
14Terraria
12%
22The Witcher 3
12%
48Super Mario Odyssey
11%
26Wii Play
11%
18New Super Mario Bros Wii
10%
47Pokemon Sword/Shield
10%
16Wii Sports Resort
10%
15Animal Crossing: New Horizons
9%
25Duck Hunt
9%
31Pokemon Sun/Moon/Ultra Sun/Ultra Moon
8%
9Wii Fit Plus
8%
21Diablo 3
6%
23Human Fall Flat
6%
3Tetris (EA)
6%
33Legend of Zelda Breath of the Wild
5%
41Nintendogs
5%
46Borderlands 2
4%
19Elder Scrolls V: Skyrim
4%
10Tetris (Nintendo)
4%
38Kinect Adventures
3%
50The Last of Us Remastered
2%
34Super Smash Bros Ultamate
1%

Score Distribution

Percentile by Number Answered

Percent of People with Each Score

Your Score History

You have not taken this quiz